Statistiques concernant Culture Générale - Série 2110

Cliquez ici pour prendre le quiz!

Statistiques générales

  • Ce quiz a été pris 93 fois
  • Le résultat moyen est 6 sur 10

Statistiques - réponses

QuestionRéponse% Correct
Comment dit-on "vendredi" en anglais ?friday
97%
A qui doit-on la célèbre peinture Guernica" ? prénom et nomPablo Picasso
93%
Au football, à quel ustensile de cuisine compare-t-on un goal qui prend beaucoup de buts ?passoire
93%
Dans l'une de ses aventures Tintin prend le "Vol 714 pour ....Sydney
81%
Comment s'appellent les petits êtres jaunes qui accompagnent le méchant "Gru" dans "Moi, moche et méchant" ?minions
60%
Dans quel département la Loire prend-elle sa source ?Ardèche
37%
Comment appelle-t-on l'eau de vie de marc de raisin produite en Italie et en Suisse ?grappa
31%
Le plus haut sommet de Corse est le "Monte ...Cinto
30%
Quelle plante qui porte également le nom d'un âne sauvage, est appelée belle de nuit - herbe aux ânes - primevère du soir ? voir photoonagre
21%
Comment appelle-t-on plus couramment le rhododendron ?azalée
13%

Distribution des résultats

Percentile par nombre de réponses

% des personnes avec chaque résultat

Votre développement - résultats

Vous n’avez pas pris ce quiz